Представление документа в формате MARC21

ПолеНазваниеЗначение
  Тип записи a
  Библиографический уровень m
001 Контрольный номер RU\infra-m\znanium\bibl\2206802
005 Дата корректировки 20260429142115.0
008 Кодируемые данные 260123s2025 RU g rus u
020 Индекс ISBN __
a ISBN 978-5-16-020949-4
020 Индекс ISBN __
a ISBN 978-5-16-113655-3 (электр. издание)
040 Источник каталогиз. __
a Служба первич. каталог. Общество с ограниченной ответственностью «ЗНАНИУМ»
041 Код языка издания __
a Код языка текста rus
044 Код страны публикации __
a Код страны публикации RU
080 Индекс УДК __
a Индекс УДК 811.111+33(075.8)
084 Индекс другой классификации/Индекс ББК __
2 Источник индекса rubbk
a Индекс другой классификации/Индекс ББК 81.432.1:65я73
084 Индекс другой классификации/Индекс ББК __
2 Источник индекса okso
a Индекс другой классификации/Индекс ББК 00.03.02
084 Индекс другой классификации/Индекс ББК __
2 Источник индекса okso
a Индекс другой классификации/Индекс ББК 45.03.02
100 Автор __
a Автор Андреева Е.Ю.
q Полное имя Андреева Екатерина Юрьевна
u Дополнение Финансовый университет при Правительстве Российской Федерации
245 Заглавие __
a Заглавие A Comprehensive Grammar of Contemporary English in Higher Education Studies
b Продолж. заглавия Учебник
c Ответственность Финансовый университет при Правительстве Российской Федерации
250 Сведения об издании __
a Основные сведения об издании 1
260 Выходные данные __
a Место издания Москва
b Издательство ООО "Научно-издательский центр ИНФРА-М"
c Дата издания 2025
300 Физическое описание __
a Объем 359 с.
440 Серия __
a Серия Высшее образование (Финансовый университет)
520 Аннотация __
a Аннотация Цель учебника — помочь студентам успешно освоить грамматические правила и структуры английского языка необходимые для их профессиональной деятельности и академических исследований. Состоит из 13 теоретических и 13 практических частей охватывающих основные аспекты английской грамматики содержит образцы тестов по всем рассматриваемым темам и приложения в том числе словарь грамматических терминов. В конце каждой теоретической главы предлагается список вопросов для повторения и темы для презентаций. Также имеются ключи ко всем грамматическим упражнениям и тестам. Разнообразные практические задания разделены по уровням сложности (Intermediate — Upper-Intermediate и Advanced — Proficient) что предполагает их успешное использование в совершенно различных академических группах (например 1-2 курсы — Intermediate — Upper-Intermediate; 3-4 курсы — Advanced — Proficient). Практические задания и тесты подходят для самостоятельной подготовки студентов а также облегчают работу преподавателя по подбору необходимого материала для обучающихся разных уровней. Адресован студентам направлений подготовки 45.03.02 «Лингвистика» и 38.03.01 «Экономика» для аудиторной и внеаудиторной работы по дисциплинам «Грамматика основного иностранного языка» «Иностранный язык» «Иностранный язык в профессиональной сфере» «Практика устной и письменной речи основного иностранного языка» «Основы деловой и публичной коммуникации» а также преподавателям английского языка. Теоретический и практический материал будет также полезен всем кто хочет усовершенствовать навыки использования различных грамматических структур в письменной и устной речи.
521 Примеч. о цел. назн. __
a Примеч. о целев. назн. ВО - Бакалавриат
650 Тематические рубрики __
a Основная рубрика Филологические науки
x Основная подрубрика Английский язык
655 Указ. предметных рубрик (устаревшее) __
a Жанр/ форма (устаревшее) Учебник
856 Электронный адрес документа 4_
a Имя сервера/домена znanium.ru
m Помощь ebs_support@infra-m.ru
n Местонахождение сервера НИЦ ИНФРА-М
u URL https://znanium.ru/catalog/document?id=465013
856 Электронный адрес документа 48
a Имя сервера/домена znanium.ru
d Путь /cover/2206
f Электронное имя 2206802.jpg
q Тип электронного формата image/jpeg
u URL https://znanium.ru/cover/2206/2206802.jpg
911 __
u 0030=https://znanium.ru/catalog/document?id=465013